Score 0/8 Timer 01:00
0 Plays Today
Tallest Mountain State % Correct
Mount ElbertColorado
97.1%
Granite PeakMontana
94.1%
Kings PeakUtah
94.1%
Borah PeakIdaho
91.2%
Gannett PeakWyoming
91.2%
Wheeler PeakNew Mexico
91.2%
Humphreys PeakArizona
88.2%
Wheeler PeakNevada
88.2%
Remove Ads.
Support Sporcle.
Get the best of Sporcle when you Go Orange. This ad-free experience offers more features, more stats, and more fun while also helping to support Sporcle. Thank you for becoming a member.

You're not logged in!

Compare scores with friends on all Sporcle quizzes.
OR
Log In

Sporcle TV

Today on Sporcle TV


Watch our educational content, quiz creation guides, and fun videos on Sporcle TV.

Show Comments

Extras

Top Quizzes Today


Score Distribution

Paid Content

Your Account Isn't Verified!

In order to create a playlist on Sporcle, you need to verify the email address you used during registration. Go to your Sporcle Settings to finish the process.

Report this User

Report this user for behavior that violates our Community Guidelines.

Details: